Biblioteca

Diccionario ilustrado de la Biblia / Wilton M. Nelson, Editor. (Registro nro. 31611)

Detalles MARC
000 -LÍDER
Campo fijo de descripción fija 003520000a22001450004500
020 ## - NÚMERO INTERNACIONAL NORMALIZADO PARA LIBROS
Número Internacional Normalizado del libro 84-399-2348-1
041 0# - CÓDIGO DE IDIOMA
Código de idioma para texto/pista de sonido o título separado
082 04 - NÚMERO DE CLASIFICACIÓN DECIMAL DEWEY
Número de clasificación R 220.3 N424d
001 - NÚMERO DE CONTROL
Campo de control 58
245 10 - TÍTULO
Título del Material Diccionario ilustrado de la Biblia / Wilton M. Nelson, Editor.
260 ## - PUBLICACIÓN, DISTRIBUCIÓN, ETC. (PIE DE IMPRENTA)
Lugar de publicación, distribución, etc. Miami, FL., USA : Caribe
300 ## - DESCRIPCIÓN FÍSICA
Extensión 735 Pag.
650 14 - ASIENTO SECUNDARIO DE MATERIA - TERMINO TEMÁTICO
Término temático o nombre geográfico como elemento de entrada BIBLIA - DICCIONARIOS
942 ## - TIPO DE MATERIAL (KOHA)
Tipo de Item KOHA Libros General
Existencias
Estado de Material Estado de Perdido Estado de Dañado No para Préstamo Colección Tomo Biblioteca de Origen Biblioteca Permanente Fecha de Adquisición Total de Préstamos Signatura Topográfica Código de Barras Última vez visto Ejemplar/Existencia Fecha de Remplazo Tipo de Material
        Colección de Referencia   Biblioteca FUSBC Biblioteca FUSBC 24/08/2004   R 220.3 N424d 7914 12/12/2019 1 26/01/2016 Libros de Referencia
        Colección de Referencia   Biblioteca FUSBC Biblioteca FUSBC 24/08/2004   R 220.3 N424d 7915 24/03/2026 2 26/01/2016 Libros de Referencia

Biblioteca FUSBC | Teléfono: (57+4) 349 88 10 Ext. 141| WhatsApp (+57) 3005338115 
E-mail: biblioteca@unisbc.edu.co | Calle 76 87-14 Robledo Palenque, Medellín, Colombia

Con tecnología Koha